5HLuxD.jpg

KING HENRY VIII SENIOR AND PRIMARY SCHOOL LIBRARY OPAC

WINGS OF FIRE (Record no. 5234)

000 -LEADER
fixed length control field 00485nam a22001577a 4500
008 - FIXED-LENGTH DATA ELEMENTS--GENERAL INFORMATION
fixed length control field 250828b ||||| |||| 00| 0 eng d
020 ## - INTERNATIONAL STANDARD BOOK NUMBER
International Standard Book Number 9781338344219
082 ## - DEWEY DECIMAL CLASSIFICATION NUMBER
Classification number 741.5 SUT
100 ## - MAIN ENTRY--PERSONAL NAME
Personal name T.SUTHERLAND,TUI
Relator term AUTHOR
Language of a work ENGLISH
245 ## - TITLE STATEMENT
Title WINGS OF FIRE
Remainder of title The Graphic Novel
250 ## - EDITION STATEMENT
Edition statement First Edition
260 ## - PUBLICATION, DISTRIBUTION, ETC.
Place of publication, distribution, etc. SINGAPORE
Name of publisher, distributor, etc. SCHOLASTIC SINGAPORE
300 ## - PHYSICAL DESCRIPTION
Extent 217 pages
Dimensions 23 cm.
Other physical details color illustrations, color map
500 ## - GENERAL NOTE
General note IN THE SHADOWS,TROUBLES IS BREWING....
942 ## - ADDED ENTRY ELEMENTS (KOHA)
Source of classification or shelving scheme
Holdings
Withdrawn status Lost status Source of classification or shelving scheme Damaged status Not for loan Collection code Permanent Location Current Location Shelving location Date acquired Total Checkouts Full call number Barcode Date due Date last seen Date last checked out Price effective from Koha item type Public note
          Non-Fiction KH8 Primary School Library KH8 Primary School Library Non Fiction 2025-08-28 12 741.5 SUT KHPL000007670 2026-04-17 2026-04-09 2026-04-09 2025-08-28 Graphic Novel KH8 PRIMARY LIBRARY

Powered By KH8 IT Dept